000 00748nam a2200253 a 4500
008
020 _a0471610534 (pbk.)
049 _aMAIN
090 _aQA76.73.C25
100 1 _aStern, Nancy B.
245 1 0 _aStructured COBOL programming /
_cNancy Stern, Robert A. Stern.
250 _a5th ed.
260 _aNew York :
_bWiley,
_cc1988.
300 _axvi, 815 p., [12] leaves of plates :
_bill. ;
_c28 cm.
500 _aIncludes index.
650 0 _aCOBOL (Computer program language).
650 0 _aStructured programming.
700 1 _aStern, Robert A.
907 _a.b1001181x
_b17-09-03
_c17-04-03
003
005 20230123133125.0
040 _cNUST
942 _cBOOKS
_kQA76.73.C25
999 _c143146
_d143146